[Event "Amber-blind 5th"]
[Site "Monte Carlo"]
[Date "1996.??.??"]
[Round "8"]
[White "Kramnik, Vladimir"]
[Black "Karpov, Anatoly"]
[Result "1/2-1/2"]
[WhiteElo "2775"]
[BlackElo "2770"]
[PlyCount "51"]
[EventDate "1996.04.??"]
[Source "ChessBase"]

1. Nf3 Nf6 2. c4 b6 3. g3 Bb7 4. Bg2 e6 5. O-O Be7 6. Nc3 O-O 7. Re1 d5 8. cxd5 exd5 9. d4 Nbd7 10. Bf4 Ne4 11. Qc2 Nxc3 12. bxc3 c5 13. Rad1 Qc8 14. Bh3 Qe8 15. c4 cxd4 16. Nxd4 Nf6 17. Nf5 Bb4 18. Bd2 Bc5 19. Bg2 Ne4 20. Be3 Bxe3 21. fxe3 Bc8 22. Rxd5 Bxf5 23. Rxf5 Nd6 24. Rd5 Qxe3+ 25. Kh1 Nb7 26. Rh5 1/2-1/2

[Event "Wijk aan Zee 71/548"]
[Site "?"]
[Date "1998.??.??"]
[Round "?"]
[White "Anand, Viswanathan"]
[Black "Van Wely, Loek"]
[Result "1-0"]
[WhiteElo "2770"]
[BlackElo "2605"]
[PlyCount "83"]
[EventDate "1998.??.??"]
[Source "ChessBase"]
[SourceDate "1997.10.01"]

1. Nf3 c5 2. c4 Nf6 3. Nc3 e6 4. g3 b6 5. Bg2 Bb7 6. O-O Be7 7. Re1 d5 8. cxd5 exd5 9. d4 O-O 10. Bf4 Nbd7 11. dxc5 Bxc5 12. Nd4 Ne4 13. Nxe4 dxe4 14. Qd2 Nf6 15. Red1 Qd5 16. b4 Be7 17. Qb2 Ng4 18. f3 Nf6 19. Rac1 Rfd8 20. Bc7 Rd7 21. Bh3 Rxc7 22. Rxc7 Bd6 23. Rcc1 Be5 24. Bg2 exf3 25. Bxf3 Qd7 26. Qd2 h5 27. Nc6 Qxd2 28. Rxd2 Bxc6 29. Bxc6 Rc8 30. b5 h4 31. Rcd1 hxg3 32. Rd8+ Rxd8 33. Rxd8+ Kh7 34. hxg3 Bxg3 35. Ra8 Bd6 36. Rxa7 Kg6 37. a4 Ng4 38. Be8 Ne5 39. a5 Bc5+ 40. Kh1 bxa5 41. Ra6+ Kf5 42. b6 1-0

[Event "Leonid Stein mem"]
[Site "Lvov"]
[Date "2000.05.20"]
[Round "8"]
[White "Krasenkow, Michal"]
[Black "Ivanchuk, Vassily"]
[Result "1/2-1/2"]
[WhiteElo "2661"]
[BlackElo "2709"]
[PlyCount "31"]
[EventDate "2000.05.12"]
[Source "ChessBase"]
[SourceDate "2000.07.27"]

1. c4 Nf6 2. Nf3 e6 3. g3 d5 4. d4 Be7 5. Bg2 O-O 6. Nbd2 b6 7. O-O Bb7 8. b3 Nbd7 9. Bb2 c5 10. cxd5 Bxd5 11. Rc1 Rc8 12. Nc4 Rc7 13. dxc5 Bxc5 14. Bd4 Qe7 15. Ne3 Bc6 16. Bxc5 1/2-1/2

[Event "Horgen"]
[Site "Horgen"]
[Date "1995.??.??"]
[Round "2"]
[White "Kramnik, Vladimir"]
[Black "Ehlvest, Jaan"]
[Result "1/2-1/2"]
[WhiteElo "2730"]
[BlackElo "2630"]
[PlyCount "77"]
[EventDate "1995.10.??"]
[Source "ChessBase"]

1. Nf3 e6 2. g3 b6 3. Bg2 Bb7 4. O-O Nf6 5. c4 Be7 6. Nc3 O-O 7. Re1 d5 8. cxd5 exd5 9. d4 Na6 10. Bf4 Qc8 11. Ne5 c5 12. dxc5 Bxc5 13. e3 Bb4 14. Rc1 Qe6 15. Nd3 Bxc3 16. Rxc3 Ne4 17. Rc1 f6 18. g4 Rac8 19. h3 Rxc1 20. Nxc1 Nac5 21. f3 Nd6 22. b3 Nf7 23. b4 Nd7 24. Nb3 Nde5 25. Nd4 Qd7 26. Bg3 Rc8 27. Kh2 Nd6 28. h4 Re8 29. Qb3 Kh8 30. b5 Ndc4 31. a4 Qf7 32. h5 h6 33. Bf4 Nd7 34. Qc2 Nc5 35. Bf1 Ne5 36. Kg3 Rc8 37. Qf5 Re8 38. Qc2 Rc8 39. Qf5 1/2-1/2

[Event "It"]
[Site "Pune"]
[Date "2004.08.03"]
[Round "1"]
[White "Sasikiran, Krishnan"]
[Black "Nisipeanu, Liviu Dieter"]
[Result "1/2-1/2"]
[WhiteElo "2666"]
[BlackElo "2686"]
[PlyCount "39"]
[EventDate "2004.08.03"]
[Source "Roberto Alvarez"]
[SourceDate "2004.09.15"]

1. Nf3 c5 2. c4 Nf6 3. Nc3 e6 4. g3 b6 5. Bg2 Bb7 6. O-O Be7 7. Re1 d5 8. cxd5 exd5 9. d4 O-O 10. Bf4 Nbd7 11. Rc1 Ne4 12. a3 Ndf6 13. dxc5 Bxc5 14. e3 Re8 15. b4 Bf8 16. Nb5 a5 17. Qb3 axb4 18. axb4 Rc8 19. Nfd4 Qd7 20. Red1 1/2-1/2

[Event "Amber-blind 7th"]
[Site "Monte Carlo"]
[Date "1998.03.22"]
[Round "9"]
[White "Ivanchuk, Vassily"]
[Black "Van Wely, Loek"]
[Result "1/2-1/2"]
[WhiteElo "2740"]
[BlackElo "2605"]
[PlyCount "82"]
[EventDate "1998.03.13"]
[Source "ChessBase"]
[SourceDate "1998.04.29"]

1. c4 Nf6 2. Nc3 c5 3. g3 e6 4. Nf3 b6 5. Bg2 Bb7 6. O-O Be7 7. Re1 d5 8. cxd5 exd5 9. d4 O-O 10. Bf4 Nbd7 11. Rc1 Ne4 12. Nd2 Nxc3 13. bxc3 Nf6 14. Bg5 Rc8 15. e3 h6 16. Bxf6 Bxf6 17. a4 Qd7 18. Qb3 Rc7 19. Rc2 Rfc8 20. Rec1 Qf5 21. Nf3 cxd4 22. Nxd4 Bxd4 23. exd4 Re8 24. h4 Rce7 25. Qb5 Re6 26. a5 a6 27. Qf1 bxa5 28. Rb2 R6e7 29. c4 Qf6 30. Qd1 Bc6 31. Bxd5 Bxd5 32. cxd5 Qd6 33. Qb3 a4 34. Qxa4 Re1+ 35. Rxe1 Rxe1+ 36. Kg2 Qxd5+ 37. f3 g5 38. hxg5 hxg5 39. Qxa6 Qxd4 40. Rf2 Kg7 41. Qb5 Qe5 1/2-1/2

[Event "Investbanka"]
[Site "Belgrade"]
[Date "1997.11.14"]
[Round "4"]
[White "Kramnik, Vladimir"]
[Black "Ljubojevic, Ljubomir"]
[Result "1/2-1/2"]
[WhiteElo "2770"]
[BlackElo "2565"]
[PlyCount "83"]
[EventDate "1997.11.11"]
[Source "ChessBase"]
[SourceDate "1998.01.31"]

1. Nf3 c5 2. c4 Nf6 3. Nc3 e6 4. g3 b6 5. Bg2 Bb7 6. O-O Be7 7. Re1 d5 8. cxd5 exd5 9. d4 O-O 10. dxc5 bxc5 11. Nh4 Qd7 12. e4 Nxe4 13. Nxe4 dxe4 14. Qxd7 Nxd7 15. Bxe4 Bxe4 16. Rxe4 Bf6 17. Nf3 Rfb8 18. Rb1 Rb4 19. Rxb4 cxb4 20. Be3 Nb6 21. Bd4 Bxd4 22. Nxd4 Rc8 23. Re1 Kf8 24. Re5 Rc4 25. Nf5 g6 26. Ne3 Rc1+ 27. Kg2 b3 28. axb3 Rb1 29. g4 h6 30. Rb5 Rxb2 31. h4 Kg7 32. h5 Rb1 33. hxg6 fxg6 34. f4 Rc1 35. Kf3 Rc3 36. Ke4 Rc7 37. Ra5 Re7+ 38. Kf3 Rc7 39. b4 Kf7 40. Ra3 Kg7 41. Rd3 Nc4 42. Nxc4 1/2-1/2

[Event "Deutschland 81/434"]
[Site "?"]
[Date "2001.??.??"]
[Round "?"]
[White "Gurevich, M."]
[Black "Van Wely, L."]
[Result "0-1"]
[WhiteElo "2667"]
[BlackElo "2643"]
[PlyCount "154"]
[EventDate "2001.??.??"]
[Source "Chess Informant"]
[SourceDate "2001.02.01"]

1. c4 Nf6 2. Nc3 c5 3. g3 e6 4. Nf3 b6 5. Bg2 Bb7 6. O-O Be7 7. Re1 d5 8. cxd5 exd5 9. d4 O-O 10. Bf4 Nbd7 11. Qc2 Ne4 12. dxc5 Bxc5 13. Nxe4 dxe4 14. Ng5 Rc8 15. Qb1 Nf6 16. Nxe4 Bxe4 17. Bxe4 Qd4 18. Bf3 Qxf2+ 19. Kh1 Rfe8 20. Rf1 Qd4 21. Rd1 Qc4 22. Qf5 Be3 23. b3 Qc2 24. Qxc2 Rxc2 25. Rd3 Bxf4 26. gxf4 g6 27. Kg2 Nh5 28. Rd4 Ng7 29. Rd7 a5 30. Rad1 Ne6 31. Kg3 Rxa2 32. Rb7 Rb2 33. Rxb6 a4 34. b4 a3 35. Ra6 Rxb4 36. f5 Nd4 37. fxg6 hxg6 38. Rxa3 Nxe2+ 39. Bxe2 Rxe2 40. h3 Rbb2 41. Rdd3 Kg7 42. Rab3 Rbc2 43. Rbc3 Rg2+ 44. Kf4 Rcf2+ 45. Rf3 Re2 46. Rce3 f5 47. Rxe2 Rxe2 48. Kg3 Kh6 49. Ra3 Kg5 50. Ra8 Re3+ 51. Kg2 Kf4 52. Ra4+ Re4 53. Ra2 Rd4 54. Re2 Rd3 55. Rf2+ Ke3 56. Rf3+ Ke4 57. Rf2 f4 58. Re2+ Re3 59. Ra2 Rg3+ 60. Kh2 Rd3 61. Kg2 Ke3 62. Rb2 Ra3 63. Rf2 Ra5 64. Rf3+ Ke4 65. Rf2 Rg5+ 66. Kh2 Ke3 67. Ra2 Rd5 68. Ra3+ Rd3 69. Ra6 g5 70. Re6+ Kf3 71. Rg6 Rd5 72. Rg8 Re5 73. Rg7 Re2+ 74. Kg1 Rg2+ 75. Kh1 g4 76. Rxg4 Rxg4 77. hxg4 Ke2 0-1

[Event "Magistral"]
[Site "Pamplona ESP"]
[Date "2007.12.27"]
[Round "6"]
[White "Jobava, Ba"]
[Black "Beliavsky, A."]
[Result "1-0"]
[WhiteElo "2644"]
[BlackElo "2646"]
[PlyCount "95"]
[EventDate "2007.12.22"]
[Source "www.chesslib.no"]
[SourceDate "2004.05.04"]

1. d4 Nf6 2. c4 e6 3. Nf3 b6 4. g3 Bb7 5. Bg2 Be7 6. d5 c6 7. Nh4 exd5 8. cxd5 Nxd5 9. Nf5 O-O 10. e4 Nc7 11. O-O d5 12. Re1 Bf6 13. e5 Bc8 14. exf6 Bxf5 15. fxg7 Re8 16. Rxe8+ Qxe8 17. Nc3 Nba6 18. h4 Qd7 19. Ne2 Re8 20. Nf4 Nc5 21. b4 Ne4 22. Bb2 Qd6 23. Nh5 Re6 24. g4 Bg6 25. Bxe4 Bxe4 26. g5 Ne8 27. Qd2 Bf3 28. Ng3 d4 29. Qxd4 Qxd4 30. Bxd4 c5 31. bxc5 bxc5 32. Bxc5 Nxg7 33. Bxa7 h6 34. Be3 hxg5 35. Bxg5 Ra6 36. a4 Ra5 37. Bd2 Rd5 38. Be3 Nf5 39. Nxf5 Rxf5 40. a5 Rh5 41. Kh2 Ba8 42. Kg3 Rd5 43. a6 Rd6 44. h5 Rd5 45. Rb1 Rd8 46. a7 Kh7 47. Kf4 Rg8 48. Rb8 1-0

[Event "EU-chT (Men)"]
[Site "Pula"]
[Date "1997.??.??"]
[Round "3"]
[White "Kortschnoj, Viktor"]
[Black "Rozentalis, Eduardas"]
[Result "1/2-1/2"]
[WhiteElo "2635"]
[BlackElo "2650"]
[PlyCount "35"]
[EventDate "1997.05.05"]
[Source "ChessBase"]

1. Nf3 Nf6 2. c4 e6 3. d4 b6 4. g3 Bb7 5. Bg2 Be7 6. Bf4 O-O 7. Nc3 Bb4 8. Qb3 Bxc3+ 9. Qxc3 d6 10. O-O Nbd7 11. Rad1 Be4 12. Rfe1 Qe7 13. Qa3 Rfe8 14. Bh3 h6 15. Nd2 Bb7 16. Be3 c5 17. Nb1 cxd4 18. Rxd4 1/2-1/2

[Event "Tan Chin Nam Cup"]
[Site "Qingdao"]
[Date "2002.07.08"]
[Round "8"]
[White "Sasikiran, Krishnan"]
[Black "Benjamin, Joel"]
[Result "1-0"]
[WhiteElo "2650"]
[BlackElo "2608"]
[PlyCount "121"]
[EventDate "2002.07.04"]
[Source "ChessBase"]
[SourceDate "2002.11.12"]

1. Nf3 Nf6 2. c4 b6 3. g3 Bb7 4. Bg2 e6 5. O-O Be7 6. Nc3 O-O 7. Re1 d5 8. cxd5 exd5 9. d4 c5 10. Bf4 Nc6 11. Rc1 Ne4 12. dxc5 Bxc5 13. Nxe4 dxe4 14. Ng5 e3 15. fxe3 Qe7 16. Qd3 g6 17. Qe4 Na5 18. Qxe7 Bxe7 19. Rc7 Bxg2 20. Kxg2 Bd8 21. Rd7 h6 22. Nf3 Re8 23. Rc1 g5 24. Bd6 Rxe3 25. b4 Bf6 26. bxa5 Rxe2+ 27. Kf1 Rxa2 28. Be5 Bxe5 29. Nxe5 Rxa5 30. Ng4 Kg7 31. Ne3 Re8 32. Rc3 h5 33. h3 Re6 34. g4 hxg4 35. hxg4 a6 36. Kf2 Ra4 37. Kg3 a5 38. Rd8 Rae4 39. Nf5+ Kg6 40. Rg8+ Kf6 41. Rf3 Ke5 42. Rxg5 Rg6 43. Nh6+ Rxg5 44. Nxf7+ Kd5 45. Nxg5 Re8 46. Nh7 Kc4 47. Nf6 Ra8 48. Rf4+ Kb3 49. Nd5 b5 50. Rf3+ Kc2 51. Nc7 Rb8 52. Rf2+ Kb3 53. Rf5 Kc4 54. g5 a4 55. Rf4+ Kc3 56. Nd5+ Kb3 57. Rb4+ Kc2 58. Nc7 a3 59. Nxb5 a2 60. Nd4+ Kd3 61. Ra4 1-0

[Event "Bled ol (Men)"]
[Site "?"]
[Date "2002.10.29"]
[Round "4"]
[White "Akopian Vladimir"]
[Black "Ljubojevic Ljubomir"]
[Result "1-0"]
[WhiteElo "2689"]
[BlackElo "2557"]
[PlyCount "51"]
[EventDate "2002.??.??"]
[Source "www.chesslib.no"]
[SourceDate "2004.05.04"]

1. Nf3 Nf6 2. c4 c5 3. g3 b6 4. Bg2 Bb7 5. O-O e6 6. Nc3 Be7 7. Re1 d5 8. cxd5 exd5 9. d4 O-O 10. Bf4 Na6 11. Ne5 Ne4 12. Nxe4 dxe4 13. dxc5 Nxc5 14. Qc2 Qe8 15. Red1 Rc8 16. Bh3 Ne6 17. Qb3 Nc5 18. Qa3 Na4 19. Qe3 Nxb2 20. Rd7 Rb8 21. Qb3 Bc8 22. Rc1 g5 23. Rxe7 Qxe7 24. Nc6 Qb7 25. Bxb8 Bxh3 26. Qxb2 1-0

[Event "World op"]
[Site "Philadelphia"]
[Date "1994.??.??"]
[Round "?"]
[White "Vaganian, Rafael A"]
[Black "Ehlvest, Jaan"]
[Result "1/2-1/2"]
[WhiteElo "2625"]
[BlackElo "2610"]
[PlyCount "50"]
[EventDate "1994.06.??"]
[Source "www.chesslib.no"]
[SourceDate "2004.05.04"]

1. Nf3 Nf6 2. g3 b6 3. c4 Bb7 4. Bg2 e6 5. O-O Be7 6. Nc3 O-O 7. Re1 d5 8. cxd5 exd5 9. d4 Na6 10. Ne5 c5 11. dxc5 Nxc5 12. Be3 Re8 13. Bd4 Ne6 14. e3 Ne4 15. Qb3 Bf6 16. Nf3 Nxd4 17. Nxd4 Be5 18. Rad1 Rc8 19. Bh3 Nxc3 20. Bxc8 Nxd1 21. Bxb7 Nxf2 22. Bxd5 Nh3+ 23. Kg2 Ng5 24. Rf1 Qd7 25. Nf3 Nxf3 1/2-1/2

[Event "Chalkidiki"]
[Site "Chalkidiki"]
[Date "1992.??.??"]
[Round "8"]
[White "Sokolov, Ivan"]
[Black "Adams, Michael"]
[Result "1/2-1/2"]
[WhiteElo "2625"]
[BlackElo "2610"]
[PlyCount "107"]
[EventDate "1992.09.??"]
[Source "ChessBase"]

1. Nf3 Nf6 2. c4 e6 3. g3 d5 4. b3 Be7 5. Bg2 O-O 6. O-O b6 7. Bb2 Bb7 8. cxd5 exd5 9. d4 Nbd7 10. Nc3 Re8 11. Qc2 a6 12. Rfd1 Bd6 13. e3 Qe7 14. Rac1 Rac8 15. Qf5 g6 16. Qc2 Ne4 17. Nxe4 dxe4 18. Nd2 b5 19. d5 Bxd5 20. Nxe4 Bxe4 21. Bxe4 Be5 22. Bc6 Bxb2 23. Qxb2 Rcd8 24. Qc2 Rf8 25. Bxd7 Rxd7 26. Rxd7 Qxd7 27. Qxc7 Qd2 28. a4 Qd5 29. Qc3 Rb8 30. h4 h5 31. Qc7 Rf8 32. Qc3 Rb8 33. Qb4 a5 34. Qc3 bxa4 35. bxa4 Rb4 36. Qf6 Kh7 37. Kh2 Rb8 38. Rc7 Kg8 39. Re7 Qc4 40. e4 Rf8 41. e5 Qd4 42. Rc7 Qd5 43. Rc6 Qd4 44. Ra6 Qc3 45. Qe7 Qd4 46. Rf6 Kg7 47. Rf4 Qd5 48. Rf6 Qd4 49. Qd6 Rd8 50. Qc7 Rd7 51. Qc6 Re7 52. Rxg6+ fxg6 53. Qf6+ Kg8 54. Qxe7 1/2-1/2

[Event "TCh-BEL 2002-3"]
[Site "Belgium"]
[Date "2003.02.23"]
[Round "9"]
[White "Chuchelov, Vladimir"]
[Black "Lutz, Christopher"]
[Result "1-0"]
[WhiteElo "2592"]
[BlackElo "2640"]
[PlyCount "97"]
[EventDate "2003.01.01"]
[Source "Roberto Alvarez"]
[SourceDate "2003.03.10"]

1. Nf3 Nf6 2. c4 e6 3. Nc3 c5 4. g3 b6 5. Bg2 Bb7 6. O-O Be7 7. Re1 d5 8. cxd5 exd5 9. d4 O-O 10. Bf4 Nbd7 11. Qc2 Ne4 12. Rad1 Nxc3 13. bxc3 Rc8 14. Bh3 cxd4 15. Nxd4 Rc4 16. e4 Nf6 17. e5 Ne4 18. Rxe4 dxe4 19. Nf5 Qe8 20. Rd7 Qxd7 21. Nh6+ gxh6 22. Bxd7 Kh8 23. Qe2 Rxc3 24. e6 f6 25. Bxh6 Rg8 26. Qh5 Rg6 27. Be3 Rd3 28. Qb5 Bd5 29. h4 Bxa2 30. Qa4 Ra3 31. Qxe4 Ra5 32. Qb7 Bd5 33. Qc8+ Rg8 34. Qc3 Ra3 35. Qd4 Bb7 36. Kh2 Rb3 37. Qd1 Rb4 38. Bd4 a5 39. g4 h6 40. Qd2 Kh7 41. Qf4 Rg7 42. Be8 a4 43. Qf5+ Kh8 44. Bxf6 Bxf6 45. Qxf6 Rbxg4 46. Qxh6+ Rh7 47. Qf8+ Rg8 48. Qf6+ Rgg7 49. Bf7 1-0

[Event "Cup Russia"]
[Site "Serpukhov RUS"]
[Date "2007.11.07"]
[Round "2.1"]
[White "Tomashevsky, E."]
[Black "Azarov, S."]
[Result "1/2-1/2"]
[WhiteElo "2646"]
[BlackElo "2586"]
[PlyCount "101"]
[EventDate "2007.11.05"]
[Source "www.chesslib.no"]
[SourceDate "2004.05.04"]

1. c4 Nf6 2. Nc3 c5 3. g3 e6 4. Nf3 b6 5. Bg2 Bb7 6. O-O Be7 7. Re1 d5 8. cxd5 exd5 9. d4 O-O 10. Bf4 Na6 11. Rc1 Ne4 12. a3 Nxc3 13. Rxc3 Nc7 14. dxc5 bxc5 15. Qb3 Rb8 16. Qa4 Bd6 17. Bxd6 Qxd6 18. Qxa7 Ne6 19. Qa4 d4 20. Rc2 Bd5 21. Qa5 Be4 22. Rd2 Qc6 23. Ne5 Qd5 24. Bxe4 Qxe4 25. Nd3 c4 26. Qe5 f5 27. Qxe4 fxe4 28. Nb4 d3 29. Nc6 Rbe8 30. Kg2 Nc5 31. exd3 exd3 32. Ne5 Nd7 33. f4 Nxe5 34. fxe5 Rb8 35. Rc1 Rfc8 36. Kf3 Kf7 37. Ke4 Ke6 38. Rc3 Rb5 39. b3 Rxe5+ 40. Kf3 Rf8+ 41. Kg2 cxb3 42. Rxb3 Rd8 43. Rbxd3 Rxd3 44. Rxd3 Re2+ 45. Kh3 h5 46. Rd4 Ra2 47. a4 Kf5 48. Rf4+ Kg5 49. Rb4 Kf5 50. Rb5+ Kf6 51. Rb6+ 1/2-1/2

[Event "4th IECC"]
[Site "Istanbul"]
[Date "2003.06.10"]
[Round "10"]
[White "Kobalija, Mihail"]
[Black "Chuchelov, Vladimir"]
[Result "1-0"]
[WhiteElo "2639"]
[BlackElo "2592"]
[PlyCount "122"]
[EventDate "2003.05.30"]
[Source "Roberto Alvarez"]
[SourceDate "2003.06.23"]

1. c4 Nf6 2. Nf3 c5 3. Nc3 e6 4. g3 b6 5. Bg2 Bb7 6. O-O Be7 7. Re1 d5 8. cxd5 exd5 9. d4 O-O 10. Bf4 Nbd7 11. Rc1 Ne4 12. Nxe4 dxe4 13. Nd2 Nf6 14. Nb3 cxd4 15. Qxd4 Rc8 16. Rxc8 Qxc8 17. Rc1 Qa8 18. Qa4 Rc8 19. Rxc8+ Bxc8 20. Nd4 Qd5 21. Be3 Qd7 22. Qc6 Bb7 23. Qxd7 Nxd7 24. Nb5 a6 25. Nc3 Bf6 26. Nxe4 Bxb2 27. Nf6+ Bxf6 28. Bxb7 a5 29. f4 Nc5 30. Bd5 Kf8 31. Kf2 Bc3 32. g4 f6 33. Kg3 Be1+ 34. Kf3 Ke7 35. Bd4 h6 36. g5 hxg5 37. fxg5 fxg5 38. Kg4 Bd2 39. e3 Kd6 40. Bc4 Nd7 41. Kxg5 Ne5 42. Be2 b5 43. Kf5 Nc4 44. e4 Bh6 45. Bxc4 bxc4 46. e5+ Ke7 47. Bc3 a4 48. Bb4+ Ke8 49. e6 Bc1 50. Bc3 a3 51. Ke4 Bb2 52. Bb4 g6 53. Ke3 Kd8 54. Kd2 Kc7 55. Kc2 Kc6 56. Bc3 Bxc3 57. Kxc3 Kd6 58. Kxc4 Kxe6 59. Kb3 Kd5 60. Kxa3 Kc4 61. h4 Kd5 1-0

[Event "Ter Apel"]
[Site "?"]
[Date "1994.??.??"]
[Round "?"]
[White "Dautov, R."]
[Black "van der Sterren, P."]
[Result "1/2-1/2"]
[WhiteElo "2625"]
[BlackElo "2605"]
[PlyCount "53"]
[EventDate "1994.??.??"]
[Source "ChessBase"]
[SourceDate "1994.02.01"]

1. Nf3 Nf6 2. c4 e6 3. g3 d5 4. b3 Be7 5. Bg2 O-O 6. O-O b6 7. d4 Bb7 8. cxd5 Nxd5 9. Bb2 Nd7 10. Nbd2 c5 11. Rc1 Rc8 12. Nc4 N5f6 13. e3 b5 14. Nce5 Nxe5 15. Nxe5 Bxg2 16. Kxg2 Qd5+ 17. Kg1 Rfd8 18. dxc5 Qxd1 19. Rfxd1 Rxd1+ 20. Rxd1 Rxc5 21. Ba3 Rd5 22. Rxd5 Nxd5 23. Bxe7 Nxe7 24. Kf1 f6 25. Nd7 Kf7 26. Ke2 Nc6 27. Nc5 1/2-1/2

[Event "EuTCh"]
[Site "Plovdiv"]
[Date "2003.10.18"]
[Round "7"]
[White "Speelman, Jonathan S"]
[Black "Georgiev, Kiril"]
[Result "1/2-1/2"]
[WhiteElo "2575"]
[BlackElo "2651"]
[PlyCount "117"]
[EventDate "2003.10.10"]
[Source "Roberto Alvarez"]
[SourceDate "2003.10.20"]

1. Nf3 Nf6 2. c4 e6 3. b3 b6 4. g3 Bb7 5. Bg2 Be7 6. O-O O-O 7. Bb2 d5 8. cxd5 exd5 9. d4 Na6 10. Nbd2 c5 11. Ne5 Qc8 12. Qb1 Rd8 13. e3 Rb8 14. a3 Qe6 15. f4 Bd6 16. Rf2 Nc7 17. h3 Ne4 18. f5 Qe8 19. Nxe4 dxe4 20. Bxe4 Bxe4 21. Qxe4 f6 22. b4 Kh8 23. Kg2 fxe5 24. dxe5 Bf8 25. Raf1 Nd5 26. Kh2 cxb4 27. axb4 Rbc8 28. e6 Be7 29. Ra1 Rc7 30. Be5 Nf6 31. Qf4 Rb7 32. Qf3 Rdb8 33. Bxb8 Qxb8 34. b5 h6 35. Rd2 Rc7 36. Raa2 Qc8 37. e4 Rc3 38. Rd3 Rc2+ 39. Rd2 Rc3 40. Rd3 Rc1 41. e5 Qc5 42. Qe3 Qc4 43. Qe2 Ne4 44. f6 gxf6 45. exf6 Nxf6 46. Rdd2 Qc5 47. Qf2 Qh5 48. Qe2 Qc5 49. Qf2 Qxb5 50. Rxa7 Qb1 51. Qg2 Qb4 52. Rc2 Re1 53. Re2 Rxe2 54. Qxe2 Kg7 55. Qf2 b5 56. Rb7 h5 57. Qe2 h4 58. Rxb5 hxg3+ 59. Kg2 1/2-1/2

[Event "GER-SUI m"]
[Site "Berlin"]
[Date "2002.09.15"]
[Round "2"]
[White "Pelletier, Yannick"]
[Black "Lutz, Christopher"]
[Result "1/2-1/2"]
[WhiteElo "2571"]
[BlackElo "2655"]
[PlyCount "51"]
[EventDate "2002.09.14"]
[Source "ChessBase"]
[SourceDate "2002.11.06"]

1. Nf3 Nf6 2. c4 e6 3. Nc3 c5 4. g3 b6 5. Bg2 Bb7 6. O-O Be7 7. Re1 d5 8. cxd5 exd5 9. d4 O-O 10. Bf4 Nbd7 11. Rc1 Ne4 12. dxc5 Bxc5 13. Nxe4 dxe4 14. Nd2 e3 15. Bxe3 Bxg2 16. Bxc5 Nxc5 17. Kxg2 Qd5+ 18. Nf3 Qxa2 19. b4 Ne6 20. Qc2 Qxc2 21. Rxc2 a5 22. bxa5 bxa5 23. Ra1 Rfd8 24. Ne5 Nd4 25. Rc7 f6 26. Nc6 1/2-1/2

[Event "5th OIBM, Bad Wiessee GER"]
[Site "?"]
[Date "2001.??.??"]
[Round "6"]
[White "Akopian, V."]
[Black "Ibragimov, I."]
[Result "1/2-1/2"]
[WhiteElo "2660"]
[BlackElo "2565"]
[PlyCount "55"]
[EventDate "2001.??.??"]
[Source "www.chesslib.no"]
[SourceDate "2004.05.04"]

1. Nf3 Nf6 2. c4 b6 3. g3 Bb7 4. Bg2 e6 5. O-O Be7 6. Nc3 O-O 7. Re1 d5 8. cxd5 exd5 9. d4 Nbd7 10. Bf4 Nh5 11. Ne5 Nxf4 12. gxf4 c6 13. e4 Nf6 14. exd5 Nxd5 15. Qg4 Bb4 16. a3 Bxc3 17. bxc3 Nxc3 18. Bxc6 Bxc6 19. Nxc6 Qf6 20. Qf3 Nb5 21. Re5 Nd6 22. Rae1 Kh8 23. d5 b5 24. Qg4 h6 25. Rh5 Rfe8 26. Rhe5 Rf8 27. Rh5 Rfe8 28. Rhe5 1/2-1/2

[Event "Madrid"]
[Site "Madrid"]
[Date "1994.??.??"]
[Round "2"]
[White "Illescas Cordoba, Miguel"]
[Black "Tiviakov, Sergei"]
[Result "0-1"]
[WhiteElo "2590"]
[BlackElo "2630"]
[PlyCount "122"]
[EventDate "1994.05.??"]
[Source "ChessBase"]

1. Nf3 Nf6 2. c4 b6 3. g3 e6 4. Bg2 Bb7 5. O-O Be7 6. Nc3 O-O 7. Re1 d5 8. cxd5 exd5 9. d4 Na6 10. Ne5 c5 11. dxc5 Nxc5 12. Bf4 Nfe4 13. Nb5 Bf6 14. Nd3 a6 15. Na3 Bd4 16. Bxe4 dxe4 17. Nxc5 bxc5 18. Nc2 Qd5 19. Nxd4 cxd4 20. Qb3 Qxb3 21. axb3 Bc6 22. Bd2 d3 23. Rac1 Bb5 24. exd3 exd3 25. f3 Rfe8 26. Rxe8+ Rxe8 27. Re1 Rb8 28. Kf2 f6 29. Rc1 Kf7 30. h4 h5 31. Rc7+ Kg6 32. Rc1 Rb7 33. b4 Kf7 34. Re1 Rd7 35. Rc1 Ke6 36. Rc5 Re7 37. Rc1 Kf5 38. Re1 Rd7 39. Rc1 Kg6 40. Re1 Kf5 41. Rc1 Rd8 42. Rc5+ Kg6 43. Rc1 Rg8 44. Bf4 Re8 45. Re1 Rd8 46. Bd2 Kf7 47. Rc1 Ke6 48. Re1+ Kd6 49. Bf4+ Kd5 50. Rc1 Re8 51. Re1 Rc8 52. Rc1 Rc2+ 53. Rxc2 dxc2 54. Ke1 Kc4 55. Kd2 Kb3 56. Kc1 Bc6 57. Bd6 Bxf3 58. Bf8 g6 59. Be7 f5 60. Bf6 Be4 61. Be7 Bc6 0-1

[Event "Bundesliga 2004-5"]
[Site "?"]
[Date "2005.02.13"]
[Round "11"]
[White "Miroshnichenko Evgenij"]
[Black "Lutz Christopher"]
[Result "1/2-1/2"]
[WhiteElo "2617"]
[BlackElo "2596"]
[PlyCount "40"]
[EventDate "2005.??.??"]
[Source "www.chesslib.no"]
[SourceDate "2004.05.04"]

1. Nf3 Nf6 2. c4 b6 3. g3 c5 4. Bg2 Bb7 5. O-O e6 6. Nc3 Be7 7. Re1 d5 8. cxd5 exd5 9. d4 O-O 10. Bf4 Nbd7 11. Qc2 Ne4 12. Rad1 Rc8 13. h4 cxd4 14. Nxd4 Ndf6 15. Bg5 Qe8 16. Bxf6 Bxf6 17. e3 Rc5 18. Nxe4 dxe4 19. Qb1 g6 20. b4 Rc7 1/2-1/2

[Event "Reggio Emilia"]
[Site "?"]
[Date "1987.??.??"]
[Round "?"]
[White "Vaganian, R."]
[Black "Portisch, L."]
[Result "1/2-1/2"]
[WhiteElo "2595"]
[BlackElo "2615"]
[PlyCount "106"]
[EventDate "1987.??.??"]
[Source "ChessBase"]
[SourceDate "1988.01.01"]

1. Nf3 Nf6 2. c4 e6 3. g3 b6 4. Bg2 Bb7 5. Nc3 Be7 6. O-O O-O 7. Re1 d5 8. cxd5 exd5 9. d4 Na6 10. Bf4 Ne4 11. Qc2 Nxc3 12. bxc3 c5 13. Rad1 Qc8 14. e3 Re8 15. h4 Nc7 16. dxc5 bxc5 17. Ng5 Bxg5 18. hxg5 Ne6 19. Qf5 d4 20. cxd4 Bxg2 21. Kxg2 cxd4 22. exd4 Qb7+ 23. d5 g6 24. Qd3 Nxf4+ 25. gxf4 Rxe1 26. Rxe1 Rd8 27. Rd1 Qd7 28. Kg3 Qd6 29. Qe3 a6 30. Qc3 h5 31. Qf6 Qa3+ 32. Kg2 Rd6 33. Qe5 Qc5 34. Rd2 Kh7 35. f5 gxf5 36. Qxf5+ Kg8 37. Qe5 Rd8 38. f4 Rd6 39. Kh2 a5 40. Qd4 Qc8 41. Qe5 Rb6 42. f5 Rb4 43. g6 Rh4+ 44. Kg3 Rg4+ 45. Kf3 Qc4 46. gxf7+ Kxf7 47. Qe6+ Kf8 48. Qf6+ Kg8 49. Qe6+ Kf8 50. Qf6+ Kg8 51. Qd8+ Kh7 52. Qe7+ Rg7 53. Qe5 Qf1+ 1/2-1/2

[Event "15. European Team Championship"]
[Site "?"]
[Date "2005.08.01"]
[Round "3.2"]
[White "Agrest Evgenij"]
[Black "Lutz Christopher"]
[Result "1/2-1/2"]
[WhiteElo "2592"]
[BlackElo "2616"]
[PlyCount "59"]
[EventDate "2005.??.??"]
[Source "www.chesslib.no"]
[SourceDate "2004.05.04"]

1. Nf3 Nf6 2. c4 b6 3. g3 c5 4. Bg2 Bb7 5. O-O e6 6. Nc3 Be7 7. Re1 d5 8. cxd5 exd5 9. d4 O-O 10. Bf4 Nbd7 11. Rc1 Ne4 12. Nxe4 dxe4 13. Nd2 f5 14. Nc4 Nf6 15. dxc5 Bxc5 16. Bd6 Bxd6 17. Nxd6 Qd7 18. Nxb7 Qxb7 19. Qb3+ Qf7 20. Qxf7+ Kxf7 21. Rc7+ Kg6 22. f3 Rfc8 23. Rec1 Rxc7 24. Rxc7 Rd8 25. Rxa7 Rd2 26. Kf2 Rxb2 27. h3 h5 28. fxe4 fxe4 29. a4 Kh6 30. a5 1/2-1/2

[Event "4th IECC"]
[Site "Istanbul"]
[Date "2003.06.11"]
[Round "11"]
[White "Filippov, Valerij"]
[Black "Gashimov, Vugar"]
[Result "1-0"]
[WhiteElo "2627"]
[BlackElo "2579"]
[PlyCount "105"]
[EventDate "2003.05.30"]
[Source "Roberto Alvarez"]
[SourceDate "2003.06.23"]

1. Nf3 Nf6 2. c4 b6 3. g3 Bb7 4. Bg2 e6 5. O-O Be7 6. Nc3 O-O 7. Re1 d5 8. cxd5 exd5 9. d4 c5 10. Bf4 Nbd7 11. dxc5 Nxc5 12. Nd4 Nfe4 13. Nxe4 Nxe4 14. Rc1 Bc5 15. Rf1 Qf6 16. Be3 Rfe8 17. Qa4 h5 18. Rfd1 a5 19. Bf3 g6 20. Kg2 Re7 21. h4 Kg7 22. Bf4 Rd8 23. e3 Rc8 24. a3 Ree8 25. b4 axb4 26. axb4 Bf8 27. Qa7 Qe7 28. Qxb6 Nc3 29. Rxc3 Rxc3 30. Nf5+ gxf5 31. Qd4+ Kg6 32. Qxc3 d4 33. exd4 Rc8 34. Qd3 Bxf3+ 35. Qxf3 Qxb4 36. d5 Rd8 37. d6 Rd7 38. Rd5 Qb1 39. Qe3 Qc2 40. Kh2 Bg7 41. Kg2 Bf8 42. Qe5 Bg7 43. Qe1 Bf8 44. Kg1 Rb7 45. Rd1 Qc6 46. Rc1 Qd5 47. Qe8 Bg7 48. Re1 Rb3 49. Qd8 Rd3 50. Qg5+ Kh7 51. Qxh5+ Kg8 52. Re8+ Bf8 53. Rxf8+ 1-0